000 00639nam a22002177a 4500
003 UA-OsUOA
001 82993
007 ta
008 20120327b un ||||| |||| 00| 0 ukr d
100 _aКостюченко В.
090 _a82
_bК72
942 _cSA
040 _aUA-OsUOA
_bukr
_cUA-OsUOA
_dUA-OsUOA
245 _aМузи генія. Інтимна лірика Тараса Шевченка (Літературно-музична композиція)
300 _aС.29-33
955 _a0
041 _aukr
080 _a82
773 0 _w82989
650 7 _a82 Література. Літературознавство
_2UDC
999 _c369329
_d369329